The Epistle to the Hebrews; (Record no. 7335)
[ view plain ]
| 000 -LEADER | |
|---|---|
| fixed length control field | 00648nam a22002171 4500 |
| 001 - CONTROL NUMBER | |
| control field | 528251 |
| 003 - CONTROL NUMBER IDENTIFIER | |
| control field | OSt |
| 005 - DATE AND TIME OF LATEST TRANSACTION | |
| control field | 20190405160947.0 |
| 008 - FIXED-LENGTH DATA ELEMENTS--GENERAL INFORMATION | |
| fixed length control field | 740502s1966 pau 000 0 eng |
| 010 ## - LIBRARY OF CONGRESS CONTROL NUMBER | |
| LC control number | 67002103 |
| 040 ## - CATALOGING SOURCE | |
| Original cataloging agency | DLC |
| Transcribing agency | DLC |
| Modifying agency | m.c. |
| -- | CDC |
| 082 ## - DEWEY DECIMAL CLASSIFICATION NUMBER | |
| Classification number | REF 226 |
| Item number | E66E |
| 092 ## - LOCALLY ASSIGNED DEWEY CALL NUMBER (OCLC) | |
| Classification number | 227.87 |
| Item number | E66E |
| 100 1# - MAIN ENTRY--PERSONAL NAME | |
| Personal name | Erdman, Charles Rosenbury, |
| Dates associated with a name | 1866-1960 |
| 245 14 - TITLE STATEMENT | |
| Title | The Epistle to the Hebrews; |
| Remainder of title | an exposition. |
| Statement of responsibility, etc. | Pref. by Earl F. Zeigler |
| 260 ## - PUBLICATION, DISTRIBUTION, ETC. | |
| Place of publication, distribution, etc. | Philadelphia, |
| Name of publisher, distributor, etc. | Westminster Press |
| Date of publication, distribution, etc. | [1966] |
| 300 ## - PHYSICAL DESCRIPTION | |
| Extent | 145 p. |
| Dimensions | 19 cm |
| 490 0# - SERIES STATEMENT | |
| Series statement | His Commentaries on the New Testament books |
| 630 00 - SUBJECT ADDED ENTRY--UNIFORM TITLE | |
| Uniform title | Bible. |
| Name of part/section of a work | Hebrews |
| General subdivision | Commentaries |
| 942 ## - ADDED ENTRY ELEMENTS (KOHA) | |
| Source of classification or shelving scheme | Dewey Decimal Classification |
| Koha item type | Reference |
No items available.
